| 000 | 00854nac a22002651u 4500 | ||
|---|---|---|---|
| 008 | 131223s2006 xxk||||grb 001 0 eng d | ||
| 020 | _a0745635326 | ||
| 020 | _a0745635318 | ||
| 020 | _a9780745635323 | ||
| 082 | 0 | 4 |
_a320.01 _bSWI _222 |
| 100 | 1 |
_aSwift, Adam, _934744 _d1961- |
|
| 245 | 1 | 0 |
_aPolitical philosophy : _ba beginners' guide for students and politicians / _cAdam Swift. |
| 250 | _a1st ed. | ||
| 260 |
_aCambridge, United Kingdom ; _aMalden, United States : _bPolity Press, _c2006. |
||
| 300 |
_axi, 240 p. ; _c23 cm. |
||
| 500 | _aIndex : p. 231-240. | ||
| 650 | 0 |
_aPolitical science _xPhilosophy. _911162 |
|
| 650 | 0 |
_aLiberty. _934746 |
|
| 650 | 0 |
_aEquality. _914533 |
|
| 650 | 0 |
_aCommunities _934745 |
|
| 653 |
_bPol _cDecember2013 |
||
| 655 |
_vreading book _934232 |
||
| 650 | 0 |
_910427 _aSocial Justice |
|
| 942 |
_cBB _k320.01 SWI _2ddc |
||
| 999 |
_c2345 _d2345 |
||